[Event "NED-ch U16 Youth 2019"]
[Site "Assen"]
[Date "2019.04.30"]
[Round "3.6"]
[White "Van der Schaaf, Tristan"]
[Black "Gevorkjan, Lewon"]
[Result "1-0"]
[WhiteElo "1807"]
[BlackElo "1808"]
[Annotator "NA"]
[PlyCount "214"]
[EventDate "2019.04.28"]
[EventType "swiss"]
[EventCountry "NED"]
[SourceTitle "playchess.com"]
[Source "ChessBase"]
[SourceQuality "1"]
[TimeControl "40/5400+30:1800+30"]

1. d4 {[%emt 0:00:00]} e6 {[%emt 0:00:00]} 2. c4 {[%emt 0:00:00]} b6 {[%emt 0:00:00]} 3. Nc3 {[%emt 0:00:12]} Bb7 {[%emt 0:00:00]} 4. Nf3 {[%emt 0:02:21]} Nf6 {[%emt 0:01:48]} 5. Qc2 {[%emt 0:00:15]} c5 {[%emt 0:10:43]} 6. e4 {[%emt 0:08:24]} cxd4 {[%emt 0:02:05] E12: Queen's Indian: Unusual White 4th moves, 4 a3, 4 Nc3 Bb7 5 a3 and 4 Nc3 Bb7} 7. Nxd4 {[%emt 0:00:06]} Bc5 {[%emt 0:00:15]} (7... Bb4 8. f3 O-O 9. Bg5 Qc7 10. a3 Be7 11. Rd1 a6 12. Be2 d6 13. O-O Nbd7 14. Be3 Rac8 15. Rc1 Rfe8 {0-1 (46) Jakovenko,D (2713)-Vallejo Pons,F (2706) Khanty-Mansiysk 2013}) 8. Nb3 {[%emt 0:00:07]} Nc6 {[%emt 0:00:53]} 9. Bg5 $146 {[%emt 0:01:36]} ({Predecessor:} 9. Bd3 O-O 10. O-O Rc8 11. Qe2 e5 12. Be3 d6 13. Rad1 Ne8 14. Nd5 {0-1 (33) Short,P (2309)-Brady,S (2384) Dublin 2009}) 9... h6 {[%emt 0:01:46]} 10. Bh4 {[%emt 0:00:07]} Be7 {[%emt 0:05:08]} 11. Be2 {[%emt 0:03:32]} O-O {[%emt 0:05:10]} 12. O-O {[%emt 0:02:19]} Rc8 {[%emt 0:01:46]} 13. f3 {[%emt 0:05:30]} Ba6 {[%emt 0:04:41]} (13... Ne5 $15 14. Nd2 {[#]} b5 $1 {[%mdl 512]}) 14. Nb5 {[%emt 0:18:42]} (14. f4 $11) 14... Bxb5 {[%emt 0:06:54]} 15. cxb5 {[%emt 0:00:22]} Ne5 {[%emt 0:00:45]} 16. Qd1 {[%emt 0:03:43]} Ng6 {[%emt 0:03:19]} 17. Bf2 {[%emt 0:04:34]} Nf4 {[%emt 0:12:15]} 18. Nd4 {[%emt 0:04:52]} (18. Bd4 $11) 18... Bc5 {[%emt 0:04:38]} 19. a3 {[%emt 0:04:21]} Ne8 {[%emt 0:07:34]} ({Black should try} 19... Qc7 $17 20. b4 Bxd4 21. Bxd4 e5) 20. b4 {[%emt 0:02:11]} Qg5 {[%emt 0:01:13]} 21. g3 $1 {[%emt 0:01:50]} Nh3+ {[%emt 0:00:34]} 22. Kg2 {[%emt 0:00:10]} Nxf2 {[%emt 0:00:12]} (22... Bxd4 $5 23. Bxd4 Nf4+ 24. Kh1 Nxe2 25. Qxe2 Nc7 $11) 23. Rxf2 {[%emt 0:00:21]} Bxd4 $1 {[%emt 0:00:24]} 24. Qxd4 {[%emt 0:00:12]} Nc7 {[%emt 0:01:02]} 25. f4 {[%emt 0:00:43]} Qe7 $11 {[%emt 0:01:30]} 26. a4 {[%emt 0:04:23]} d5 {[%emt 0:01:59]} 27. e5 {[%emt 0:00:57]} Qd7 {[%emt 0:01:38]} 28. Bd3 {[%emt 0:03:43]} g6 {[%emt 0:03:25]} 29. Rc1 {[%emt 0:02:07]} Na8 {[%emt 0:00:16]} 30. Qb2 {[%emt 0:03:49]} Rcd8 {[%emt 0:06:35]} 31. Rc6 {[%emt 0:02:17]} Qe7 {[%emt 0:01:44]} 32. Rfc2 {[%emt 0:04:17]} Rfe8 {[%emt 0:00:41]} 33. Rc1 {[%emt 0:01:08]} Qf8 {[%emt 0:00:44]} 34. Qd4 {[%emt 0:02:16]} Qg7 {[%emt 0:00:38]} 35. h3 {[%emt 0:02:14]} Kh8 {[%emt 0:01:33]} 36. a5 {[%emt 0:02:18]} Qf8 {[%emt 0:00:52]} 37. g4 {[%emt 0:02:24]} Qe7 {[%emt 0:02:32]} 38. Kh2 {[%emt 0:03:28]} Rg8 {[%emt 0:03:02]} 39. Rd6 {[%emt 0:02:25]} h5 {[%emt 0:01:20]} 40. Kg3 {[%emt 0:03:01]} Kh7 {[%emt 0:00:51]} 41. Rxd8 {[%emt 0:30:23]} Qxd8 {[%emt 0:31:31]} 42. gxh5 {[%emt 0:00:00]} Kg7 {[%emt 0:00:00]} 43. hxg6 {[%emt 0:00:00]} Rh8 {[%emt 0:00:00]} 44. Rh1 {[%emt 0:00:00]} fxg6 {[%emt 0:00:00]} 45. h4 {[%emt 0:00:00]} Qc7 {[%emt 0:00:00]} 46. Rg1 {[%emt 0:00:00]} Kf7 {[%emt 0:00:00]} 47. Kf3 {[%emt 0:00:00]} Rxh4 {[%emt 0:00:00]} 48. Bxg6+ {[%emt 0:00:00]} Kf8 {[%emt 0:00:00]} 49. axb6 {[%emt 0:02:04]} axb6 {[%emt 0:00:00]} 50. Ra1 {[%emt 0:00:48]} Qc8 {[%emt 0:00:00]} 51. Ra7 {[%emt 0:00:35]} Qc1 {[%emt 0:00:00]} 52. Ra1 {[%emt 0:02:24]} Qc8 {[%emt 0:00:00]} 53. Kg3 {[%emt 0:00:42]} Rh6 {[%emt 0:00:27]} 54. Qd3 {[%emt 0:00:02]} Rxg6+ {[%emt 0:02:53]} 55. Qxg6 {[%emt 0:00:12]} Qc3+ {[%emt 0:00:04]} 56. Kg4 {[%emt 0:00:22]} Qxa1 {[%emt 0:00:04]} 57. Qf6+ {[%emt 0:00:10]} Kg8 {[%emt 0:00:34]} 58. Qxe6+ {[%emt 0:00:17]} Kg7 {[%emt 0:02:13]} 59. Qe7+ {[%emt 0:00:45]} Kh6 {[%emt 0:03:11]} 60. Qg5+ {[%emt 0:01:47]} Kh7 {[%emt 0:00:16]} 61. Qe7+ {[%emt 0:01:31]} Kh6 {[%emt 0:01:39]} 62. Qg5+ {[%emt 0:00:31]} Kh7 {[%emt 0:00:02]} 63. Kf5 {[%emt 0:00:27]} Qa7 {[%emt 0:02:17]} 64. Kf6 {[%emt 0:00:59]} Kh8 {[%emt 0:03:52]} 65. e6 {[%emt 0:00:38]} Qh7 {[%emt 0:00:07]} 66. e7 {[%emt 0:00:35]} Nc7 {[%emt 0:00:02]} 67. Ke5 {[%emt 0:01:01]} Qe4+ {[%emt 0:00:21]} 68. Kd6 {[%emt 0:00:00]} Ne8+ {[%emt 0:01:23]} 69. Kd7 {[%emt 0:00:06]} Ng7 {[%emt 0:00:33]} 70. Qh6+ {[%emt 0:00:41]} Kg8 {[%emt 0:00:13]} 71. Qxb6 {[%emt 0:00:34]} Qf5+ {[%emt 0:00:39]} 72. Kd8 {[%emt 0:00:32]} Qf7 {[%emt 0:00:40]} 73. Qc6 {[%emt 0:00:29]} Kh7 {[%emt 0:00:17]} 74. e8=Q {[%emt 0:00:24]} Nxe8 {[%emt 0:00:18]} 75. Qxe8 {[%emt 0:00:06]} Qxe8+ {[%emt 0:00:36]} 76. Kxe8 {[%emt 0:00:06]} d4 {[%emt 0:00:13]} 77. b6 {[%emt 0:00:01]} d3 {[%emt 0:00:02]} 78. b7 {[%emt 0:00:10]} d2 {[%emt 0:00:12]} 79. b8=Q {[%emt 0:00:04]} d1=Q {[%emt 0:00:07]} 80. Qc7+ {[%emt 0:00:18]} Kh8 {[%emt 0:00:47]} 81. Kf8 {[%emt 0:00:52]} Qg4 {[%emt 0:00:47]} 82. Qe5+ {[%emt 0:00:28]} Kh7 {[%emt 0:00:26]} 83. Qe7+ {[%emt 0:00:29]} Kh8 {[%emt 0:00:41]} 84. Qf6+ {[%emt 0:00:09]} Kh7 {[%emt 0:00:13]} 85. Qe7+ {[%emt 0:01:29]} Kh8 {[%emt 0:00:09]} 86. Qe5+ {[%emt 0:00:11]} Kh7 {[%emt 0:00:13]} 87. Qc7+ {[%emt 0:00:44]} Kh8 {[%emt 0:02:24]} 88. Qc3+ {[%emt 0:00:18]} Kh7 {[%emt 0:00:01]} 89. Qc2+ {[%emt 0:00:21]} Kh6 {[%emt 0:00:06]} 90. Qc6+ {[%emt 0:00:16]} Kh7 {[%emt 0:00:45]} 91. Qe4+ {[%emt 0:00:33]} Kh6 {[%emt 0:00:12]} 92. Qh1+ {[%emt 0:00:46]} Kg6 {[%emt 0:00:09]} 93. Qe4+ {[%emt 0:00:28]} Kh6 {[%emt 0:00:13]} 94. Ke7 {[%emt 0:00:43]} Qg7+ {[%emt 0:01:02]} 95. Kd6 {[%emt 0:00:18]} Qf8+ {[%emt 0:00:13]} 96. Kd5 {[%emt 0:00:14]} Qa8+ {[%emt 0:00:19]} 97. Kd4 {[%emt 0:00:18]} Qa7+ {[%emt 0:00:38]} 98. Kc4 {[%emt 0:00:22]} Qc7+ {[%emt 0:00:20]} 99. Kb5 {[%emt 0:00:51]} Qb8+ {[%emt 0:00:29]} 100. Ka4 {[%emt 0:01:08]} Qa7+ {[%emt 0:00:41]} 101. Kb3 {[%emt 0:00:08]} Qf7+ {[%emt 0:02:31]} 102. Qc4 {[%emt 0:00:05]} Qf5 {[%emt 0:00:00]} 103. Qc6+ {[%emt 0:01:04]} Kg7 {[%emt 0:00:00]} 104. Qc7+ {[%emt 0:00:28]} Kh6 {[%emt 0:00:00]} 105. Qd6+ {[%emt 0:00:25]} Kh7 {[%emt 0:00:01]} 106. Qe7+ {[%emt 0:02:51]} Kh6 {[%emt 0:02:29]} 107. Qc7 {[%emt 0:00:30]} Qf7+ 1-0

[Event "NED-ch U16 Youth 2019"]
[Site "Assen"]
[Date "2019.04.30"]
[Round "3.8"]
[White "Honkoop, Gilian"]
[Black "Broersma, Sven"]
[Result "1-0"]
[WhiteElo "2038"]
[BlackElo "1617"]
[Annotator "NA"]
[PlyCount "43"]
[EventDate "2019.04.28"]
[EventType "swiss"]
[EventCountry "NED"]
[SourceTitle "playchess.com"]
[Source "ChessBase"]
[SourceQuality "1"]
[TimeControl "40/5400+30:1800+30"]

{[%evp 20,39,18,0,45,32767,32767,32767,32767,32767,57,81,83,78,396,441,541,565,29978,29988,29989,739]} 1. d4 {[%emt 0:00:00]} Nf6 {[%emt 0:00:00]} 2. Bf4 {[%emt 0:00:00]} g6 {[%emt 0:00:00]} 3. Nc3 {[%emt 0:00:00]} d5 {[%emt 0:00:00]} 4. e3 {[%emt 0:00:00]} Bg7 {[%emt 0:00:00]} 5. h4 {[%emt 0:00:00]} h5 {[%emt 0:00:00]} (5... c6 6. Be2 h5 7. Nf3 Bg4 8. Ne5 Bxe2 9. Qxe2 Nbd7 10. O-O-O Rc8 11. f3 {0-1 (60) Nabaty,T (2692)-Rodshtein,M (2674) Czech Republic 2019}) 6. Nf3 {[%emt 0:02:43] A45: Trompowsky Attack} O-O {[%emt 0:01:02]} 7. Ne5 {[%emt 0:01:22]} c5 {[%emt 0:02:55]} 8. Qd2 {[%emt 0:08:17]} cxd4 {[%emt 0:08:37]} 9. exd4 {[%emt 0:00:10]} Nc6 {[%emt 0:04:59]} 10. Be2 {[%emt 0:04:41]} Qb6 $146 {[%emt 0:22:36]} ({Predecessor:} 10... Be6 11. O-O {0-1 (29) Juknis,P (2260)-Niekras,D (2351) Warsaw 2018}) 11. O-O-O {[%emt 0:01:31]} Rd8 {[%emt 0:09:06]} 12. f3 {[%emt 0:08:37]} Be6 {[%emt 0:08:18]} 13. Nxc6 {[%emt 0:16:49]} Qxc6 {[%emt 0:01:56]} 14. g4 {[%emt 0:03:58]} a6 {[%emt 0:06:46]} 15. Be5 {[%emt 0:04:48]} hxg4 {[%emt 0:04:08] [#]} 16. fxg4 {[%emt 0:04:02]} (16. h5 $1 $16 {[%mdl 512]}) 16... Bxg4 $2 {[%emt 0:03:59]} (16... Nxg4 $14 17. Bxg7 Kxg7) 17. Bxf6 $1 {[%emt 0:00:19]} Bxe2 {[%emt 0:00:11] [#]} 18. Bxg7 $1 {[%emt 0:07:19]} Bxd1 {[%emt 0:01:09]} 19. Qh6 {[%emt 0:01:11]} f5 {[%emt 0:00:11]} 20. Rxd1 $18 {[%emt 0:05:05]} (20. Re1 $142 Rd7 21. Be5 e6 22. Rxd1 Kf7 23. Qg7+ Ke8 24. Qg8+ Ke7 25. Qg7+ Ke8 26. Qh8+ Kf7 27. Qxa8) 20... Rac8 {[%emt 0:08:29]} 21. Rg1 {[%emt 0:03:35]} Rd6 {[%emt 0:01:02]} 22. Be5 {[%emt 0:01:20]} 1-0

[Event "NED-ch U16 Youth 2019"]
[Site "Assen"]
[Date "2019.05.01"]
[Round "4.1"]
[White "Bruil, Rembrandt"]
[Black "Van der Schaaf, Tristan"]
[Result "1-0"]
[WhiteElo "2178"]
[BlackElo "1807"]
[Annotator "NA"]
[PlyCount "69"]
[EventDate "2019.04.28"]
[EventType "swiss"]
[EventCountry "NED"]
[SourceTitle "playchess.com"]
[Source "ChessBase"]
[SourceQuality "1"]
[TimeControl "40/5400+30:1800+30"]

1. d4 {[%emt 0:00:00]} Nf6 {[%emt 0:00:00]} 2. Nf3 {[%emt 0:00:00]} e6 {[%emt 0:00:00]} 3. c4 {[%emt 0:00:00]} b6 {[%emt 0:00:00]} 4. Nc3 {[%emt 0:00:00]} Bb4 {[%emt 0:00:01]} 5. Qc2 {[%emt 0:00:00]} Bb7 {[%emt 0:00:04]} 6. a3 {[%emt 0:00:00]} Bxc3+ {[%emt 0:00:10]} 7. Qxc3 {[%emt 0:00:00]} Ne4 {[%emt 0:00:28]} 8. Qc2 {[%emt 0:00:01]} O-O {[%emt 0:00:17]} 9. e3 {[%emt 0:00:02]} d5 {[%emt 0:00:21]} 10. Bd3 {[%emt 0:03:07]} f5 {[%emt 0:01:56]} 11. O-O {[%emt 0:00:58]} Nd7 {[%emt 0:01:57]} 12. b4 {[%emt 0:06:52]} c5 {[%emt 0:11:12]} 13. Bb2 {[%emt 0:11:53]} Rc8 $11 {[%emt 0:06:53]} 14. Qe2 {[%emt 0:11:12]} Qe7 {[%emt 0:03:19]} 15. Rfd1 {[%emt 0:05:11]} Rfd8 {[%emt 0:06:26]} 16. bxc5 {[%emt 0:07:12]} bxc5 {[%emt 0:00:57]} 17. Rac1 {[%emt 0:00:13]} Nb6 {[%emt 0:09:13]} 18. Ne5 {[%emt 0:05:52]} Rc7 {[%emt 0:07:43]} 19. f3 {[%emt 0:05:25]} Nf6 {[%emt 0:01:21]} 20. dxc5 {[%emt 0:03:48]} Na4 {[%emt 0:07:39]} 21. cxd5 {[%emt 0:03:56]} Bxd5 {[%emt 0:01:29]} 22. c6 {[%emt 0:02:54]} Qe8 {[%emt 0:08:13]} 23. Bd4 {[%emt 0:02:59]} Rb8 {[%emt 0:07:13]} 24. Bb5 {[%emt 0:04:49]} Nb6 {[%emt 0:01:14]} 25. Nd7 {[%emt 0:07:38]} Nfxd7 {[%emt 0:10:31]} 26. cxd7 {[%emt 0:00:09]} Qd8 {[%emt 0:00:08]} 27. Be5 {[%emt 0:04:48]} Rxc1 {[%emt 0:00:47]} 28. Rxc1 {[%emt 0:00:07]} Rb7 {[%emt 0:01:08]} 29. e4 {[%emt 0:00:32]} Nxd7 {[%emt 0:07:30]} 30. Bxd7 {[%emt 0:03:05]} Rxd7 {[%emt 0:00:45]} 31. exd5 {[%emt 0:00:12]} exd5 {[%emt 0:00:51]} 32. Bd4 {[%emt 0:00:42]} Kf7 {[%emt 0:01:08]} 33. Qe5 {[%emt 0:00:14]} Qg5 {[%emt 0:02:16]} 34. Re1 {[%emt 0:00:06]} Re7 {[%emt 0:00:35]} 35. Qxe7+ {[%emt 0:00:57]} 1-0

[Event "NED-ch U16 Youth 2019"]
[Site "Assen"]
[Date "2019.05.01"]
[Round "4.2"]
[White "Grutter, Tim"]
[Black "Elgersma, Onno"]
[Result "1-0"]
[WhiteElo "2029"]
[BlackElo "2174"]
[Annotator "NA"]
[PlyCount "81"]
[EventDate "2019.04.28"]
[EventType "swiss"]
[EventCountry "NED"]
[SourceTitle "playchess.com"]
[Source "ChessBase"]
[SourceQuality "1"]
[TimeControl "40/5400+30:1800+30"]

1. e4 {[%emt 0:00:00]} c6 {[%emt 0:00:00]} 2. Nc3 {[%emt 0:00:00]} d5 {[%emt 0:00:00]} 3. Nf3 {[%emt 0:00:00]} g6 {[%emt 0:00:00]} 4. d4 {[%emt 0:00:18]} Bg7 {[%emt 0:00:00]} 5. h3 {[%emt 0:00:08]} dxe4 {[%emt 0:00:29]} 6. Nxe4 {[%emt 0:00:06]} Nf6 {[%emt 0:00:13]} 7. Bd3 {[%emt 0:00:11]} O-O {[%emt 0:02:06]} 8. c3 {[%emt 0:01:55]} Nbd7 {[%emt 0:01:59]} 9. Nxf6+ {[%emt 0:00:19]} exf6 {[%emt 0:04:07]} 10. O-O {[%emt 0:00:41]} Re8 {[%emt 0:01:34]} 11. Bf4 {[%emt 0:03:44]} Nf8 {[%emt 0:01:31]} 12. Qd2 {[%emt 0:10:11]} b6 {[%emt 0:01:56]} 13. Rad1 {[%emt 0:10:08]} Bb7 {[%emt 0:02:12]} 14. Bc2 {[%emt 0:02:36]} Ne6 {[%emt 0:06:34]} 15. Bg3 {[%emt 0:03:31]} Qd7 {[%emt 0:12:28]} 16. Rfe1 {[%emt 0:08:22]} Rad8 {[%emt 0:04:04]} 17. Bb3 {[%emt 0:06:29]} b5 {[%emt 0:20:17]} 18. Qc1 {[%emt 0:02:57]} Qc8 {[%emt 0:03:54]} 19. c4 {[%emt 0:05:35]} Qa8 {[%emt 0:11:29]} 20. c5 {[%emt 0:03:33]} Qc8 {[%emt 0:09:12]} 21. Qc3 {[%emt 0:06:09]} Bf8 {[%emt 0:02:53]} 22. Nh2 {[%emt 0:10:17]} h5 {[%emt 0:02:48]} 23. f4 {[%emt 0:07:38]} Ng7 {[%emt 0:01:18]} 24. Bf2 {[%emt 0:00:49]} Qc7 {[%emt 0:03:59]} 25. Qf3 {[%emt 0:01:36]} Rxe1+ {[%emt 0:00:38]} 26. Rxe1 {[%emt 0:01:43]} Nf5 {[%emt 0:01:26]} 27. Rd1 {[%emt 0:01:12]} Bh6 {[%emt 0:04:42]} 28. g4 {[%emt 0:02:12]} Bxf4 {[%emt 0:01:15]} 29. gxf5 {[%emt 0:01:07]} Bxh2+ {[%emt 0:00:04]} 30. Kg2 {[%emt 0:00:19]} Kg7 {[%emt 0:00:27]} 31. Re1 {[%emt 0:04:41]} g5 {[%emt 0:00:52]} 32. Qxh5 {[%emt 0:01:38]} Bf4 {[%emt 0:00:51]} 33. Re4 {[%emt 0:01:47]} Rh8 {[%emt 0:00:35]} 34. Qe2 {[%emt 0:00:16]} Qd7 {[%emt 0:00:22]} 35. Re7 {[%emt 0:00:31]} Qxf5 {[%emt 0:00:15]} 36. Rxf7+ {[%emt 0:00:12]} Kh6 {[%emt 0:00:13]} 37. Qe7 {[%emt 0:01:07]} Kg6 {[%emt 0:01:06]} 38. Bc2 {[%emt 0:00:22]} Qxc2 {[%emt 0:00:30]} 39. Rxf6+ {[%emt 0:00:05]} Kh5 {[%emt 0:00:18]} 40. Qf7+ {[%emt 0:00:06]} Qg6 {[%emt 0:00:11]} 41. Qxg6# {[%emt 0:30:42]} 1-0

[Event "NED-ch U16 Youth 2019"]
[Site "Assen"]
[Date "2019.05.01"]
[Round "4.3"]
[White "Albers, Sasa"]
[Black "Hilwerda, Jonas"]
[Result "1/2-1/2"]
[WhiteElo "1690"]
[BlackElo "2312"]
[Annotator "NA"]
[PlyCount "98"]
[EventDate "2019.04.28"]
[EventType "swiss"]
[EventCountry "NED"]
[SourceTitle "playchess.com"]
[Source "ChessBase"]
[SourceQuality "1"]
[TimeControl "40/5400+30:1800+30"]

1. e4 {[%emt 0:00:00]} e5 {[%emt 0:00:00]} 2. Nf3 {[%emt 0:00:00]} Nc6 {[%emt 0:00:00]} 3. Bb5 {[%emt 0:00:00]} a6 {[%emt 0:00:00]} 4. Ba4 {[%emt 0:00:00]} Nf6 {[%emt 0:00:00]} 5. O-O {[%emt 0:00:00]} Be7 {[%emt 0:00:00]} 6. Re1 {[%emt 0:00:00]} b5 {[%emt 0:00:00]} 7. Bb3 {[%emt 0:00:00]} d6 {[%emt 0:00:07]} 8. c3 {[%emt 0:00:18]} O-O {[%emt 0:00:03]} 9. d3 {[%emt 0:00:34]} Na5 {[%emt 0:00:07]} 10. Bc2 {[%emt 0:00:01]} c5 {[%emt 0:00:10]} 11. Nbd2 {[%emt 0:00:06]} Nc6 {[%emt 0:00:06]} 12. Nf1 {[%emt 0:00:33]} h6 {[%emt 0:00:09]} 13. Ng3 {[%emt 0:00:34] C90: Closed Ruy Lopez with 7...d6: Early deviations} (13. Ne3 Be6 14. d4 cxd4 15. cxd4 Nxd4 16. Nxd4 exd4 17. Qxd4 Rc8 18. Bb3 Nd7 19. Nd5 Bxd5 20. Qxd5 Nc5 {½-½ (54) Carlsen,M (2850)-Svidler,P (2727) Berlin 2015}) 13... Be6 {[%emt 0:00:22]} 14. a4 {[%emt 0:01:50]} Qc7 {[%emt 0:01:37]} 15. h3 {[%emt 0:07:24] [#]} b4 $146 {[%emt 0:06:17]} ({Predecessor:} 15... Rab8 16. axb5 axb5 17. Bd2 Rfe8 18. Nh2 d5 19. exd5 Nxd5 {1-0 (63) Hamdouchi,H (2613)-Degraeve,J (2563) Nancy 2013}) 16. Nh2 {[%emt 0:00:46]} d5 {[%emt 0:04:11]} 17. Ng4 {[%emt 0:01:00]} dxe4 {[%emt 0:12:09]} 18. Nxf6+ {[%emt 0:13:36]} Bxf6 {[%emt 0:00:27]} 19. Nxe4 {[%emt 0:00:04]} Be7 {[%emt 0:03:20]} 20. Re3 {[%emt 0:07:52]} f5 {[%emt 0:04:19]} 21. Nd2 $17 {[%emt 0:01:14]} Bg5 {[%emt 0:09:13]} 22. Re1 {[%emt 0:01:11]} Rad8 {[%emt 0:00:35]} 23. Bb3 {[%emt 0:02:32]} Qf7 {[%emt 0:02:57]} 24. Bxe6 {[%emt 0:01:30]} Qxe6 {[%emt 0:01:06]} 25. Nc4 {[%emt 0:02:00]} Bxc1 {[%emt 0:07:15]} 26. Rxc1 {[%emt 0:00:45]} Qd5 {[%emt 0:00:03]} 27. Qe2 {[%emt 0:03:06]} Rfe8 {[%emt 0:01:53]} 28. Rcd1 {[%emt 0:01:07]} Rb8 {[%emt 0:47:34]} 29. f4 {[%emt 0:16:25]} exf4 {[%emt 0:00:00]} 30. Qxe8+ {[%emt 0:00:14]} Rxe8 {[%emt 0:00:00]} 31. Rxe8+ {[%emt 0:00:02]} Kf7 {[%emt 0:00:00]} 32. Ree1 {[%emt 0:01:21]} g5 {[%emt 0:00:00]} 33. Rf1 {[%emt 0:02:31]} Ne7 {[%emt 0:00:00]} 34. Nd2 {[%emt 0:10:30]} bxc3 {[%emt 0:00:00]} 35. bxc3 {[%emt 0:01:09]} Qxd3 {[%emt 0:00:00]} 36. Nf3 {[%emt 0:00:10]} Qxc3 {[%emt 0:00:00]} 37. Rfe1 {[%emt 0:00:29]} Nc6 {[%emt 0:00:00]} 38. Rd7+ {[%emt 0:01:51]} Kf8 {[%emt 0:00:00]} 39. Re6 {[%emt 0:01:10]} Nd4 {[%emt 0:00:00]} 40. Nxd4 {[%emt 0:00:40]} cxd4 {[%emt 0:00:00]} 41. Red6 {[%emt 0:32:45]} Qa1+ {[%emt 0:26:01]} 42. Kh2 {[%emt 0:01:13]} Qxa4 {[%emt 0:00:18]} 43. Ra7 {[%emt 0:03:10]} Qa5 {[%emt 0:03:20]} 44. Rc6 {[%emt 0:00:41]} Qd8 {[%emt 0:02:49]} 45. Rcxa6 {[%emt 0:00:02]} Qd5 {[%emt 0:00:32]} 46. Ra8+ {[%emt 0:00:00]} Kf7 {[%emt 0:00:00]} 47. R8a7+ {[%emt 0:00:00]} Ke8 {[%emt 0:00:00]} 48. Rg6 {[%emt 0:03:37]} d3 {[%emt 0:00:00]} 49. Rgg7 {[%emt 0:00:15]} f3 {[%emt 0:00:00]} 1/2-1/2

[Event "NED-ch U16 Youth 2019"]
[Site "Assen"]
[Date "2019.05.01"]
[Round "4.4"]
[White "Maters, Arthur"]
[Black "Cchung, Chi Yun"]
[Result "1/2-1/2"]
[WhiteElo "2043"]
[BlackElo "1836"]
[Annotator "NA"]
[PlyCount "103"]
[EventDate "2019.04.28"]
[EventType "swiss"]
[EventCountry "NED"]
[SourceTitle "playchess.com"]
[Source "ChessBase"]
[SourceQuality "1"]
[TimeControl "40/5400+30:1800+30"]

1. e4 {[%emt 0:00:00]} c5 {[%emt 0:00:00]} 2. Nf3 {[%emt 0:00:00]} e6 {[%emt 0:00:00]} 3. d4 {[%emt 0:00:00]} cxd4 {[%emt 0:00:00]} 4. Nxd4 {[%emt 0:00:00]} a6 {[%emt 0:00:00]} 5. Qd3 {[%emt 0:00:00]} Nf6 {[%emt 0:09:44]} 6. Be2 {[%emt 0:00:00]} Qc7 {[%emt 0:05:11]} 7. O-O {[%emt 0:00:00]} Nc6 {[%emt 0:05:46]} 8. Nxc6 {[%emt 0:00:04]} dxc6 {[%emt 0:04:21]} 9. c4 {[%emt 0:07:20]} e5 {[%emt 0:08:56]} 10. Nc3 {[%emt 0:00:21]} Be7 {[%emt 0:10:28]} 11. Qg3 {[%emt 0:01:01]} h5 {[%emt 0:31:33]} 12. Bg5 {[%emt 0:02:18]} Ng4 {[%emt 0:04:06]} 13. Bxe7 {[%emt 0:00:19]} Qxe7 {[%emt 0:00:08]} 14. Bxg4 {[%emt 0:01:15]} hxg4 {[%emt 0:00:38]} 15. f3 {[%emt 0:01:54]} Rh4 {[%emt 0:04:35]} 16. f4 {[%emt 0:02:39]} exf4 {[%emt 0:04:03]} 17. Qxf4 {[%emt 0:01:09]} Be6 {[%emt 0:01:46]} 18. b3 {[%emt 0:08:54]} O-O-O {[%emt 0:00:13]} 19. Nd5 {[%emt 0:00:14]} Bxd5 {[%emt 0:07:20]} 20. cxd5 {[%emt 0:00:10]} Rdh8 {[%emt 0:00:06]} 21. dxc6 {[%emt 0:05:01]} Qc5+ {[%emt 0:00:46]} 22. Qf2 {[%emt 0:00:29]} Qxf2+ {[%emt 0:00:32]} 23. Kxf2 {[%emt 0:01:37]} bxc6 {[%emt 0:00:15]} 24. Kg3 {[%emt 0:00:14]} f6 {[%emt 0:00:29]} 25. e5 {[%emt 0:00:46]} fxe5 {[%emt 0:00:28]} 26. Rf7 {[%emt 0:00:08]} Rxh2 {[%emt 0:01:36]} 27. Rd1 {[%emt 0:00:52]} R2h6 {[%emt 0:00:00]} 28. Rdd7 {[%emt 0:00:13]} Rf6 {[%emt 0:00:06]} 29. Rxg7 {[%emt 0:00:41]} Re6 {[%emt 0:00:48]} 30. Kxg4 {[%emt 0:04:44]} e4 {[%emt 0:00:21]} 31. Rc7+ {[%emt 0:00:40]} Kb8 {[%emt 0:00:23]} 32. Rb7+ {[%emt 0:00:49]} Ka8 {[%emt 0:00:26]} 33. Ra7+ {[%emt 0:00:10]} Kb8 {[%emt 0:00:04]} 34. Rgb7+ {[%emt 0:00:08]} Kc8 {[%emt 0:00:04]} 35. Ra8+ {[%emt 0:00:05]} Kxb7 {[%emt 0:00:05]} 36. Rxh8 {[%emt 0:00:05]} e3 {[%emt 0:00:07]} 37. Rh1 {[%emt 0:00:04]} Kb6 {[%emt 0:00:27]} 38. Rc1 {[%emt 0:00:50]} Kb5 {[%emt 0:01:28]} 39. Kf3 {[%emt 0:00:11]} Kb4 {[%emt 0:01:22]} 40. Re1 {[%emt 0:00:08]} Rd6 {[%emt 0:00:47]} 41. Rxe3 {[%emt 0:30:12]} Ka3 {[%emt 0:10:31]} 42. Re2 {[%emt 0:00:00]} a5 {[%emt 0:01:33]} 43. g4 {[%emt 0:00:00]} c5 {[%emt 0:01:31]} 44. g5 {[%emt 0:00:00]} a4 {[%emt 0:01:41]} 45. bxa4 {[%emt 0:00:00]} c4 {[%emt 0:09:35]} 46. a5 {[%emt 0:00:00]} c3 {[%emt 0:00:26]} 47. Rc2 {[%emt 0:00:00]} Kb4 {[%emt 0:00:57]} 48. Ke3 {[%emt 0:00:00]} Rd5 {[%emt 0:02:53]} 49. g6 {[%emt 0:03:15]} Rg5 {[%emt 0:00:18]} 50. Kd3 {[%emt 0:00:07]} Rxg6 {[%emt 0:00:10]} 51. a3+ {[%emt 1:06:23]} Kxa5 {[%emt 0:01:23]} 52. Ke4 {[%emt 0:00:30]} 1/2-1/2